000 00628nam a22001697a 4500
999 _c14964
_d14964
003 AR-CdUCM
008 190425b ||||| |||| 00| 0 spa d
040 _aMUNICIPALIDAD PROVINCIAL DEL CUSCO
_cBIBLIOTECA MUNICIPAL DEL CUSCO
082 _aC / 340.4 /
_bG25
100 _aGarrafa Barreros, Nelson
_933947
245 _aReforma del servicio civil /
260 _aCuzco :
_bUNSAAC,
_c1967.
300 _a115 hojas ;
_c28 cm.
505 _aReseña histórica del servicio civil -- Reforma de la administración publica -- La reforma del servicio civil -- Ley orgánica del servicio civil...
942 _2ddc
_cTESIS
945 _awfj